[Event "Junior Online 4NCL Division 3"]
[Site "online"]
[Date "2021.09.30"]
[EventDate "2021.09.30"]
[Round "4.43"]
[White "O'Sullivan, Conor"]
[WhiteElo "1290"]
[WhiteTeam "The Hall 2"]
[Black "Navle, Yash Kumar"]
[BlackElo "1103"]
[BlackTeam "Uxbridge B"]
[Result "0-1"]
[PlyCount "76"]

1. e4 e5 2. Nf3 Nc6 3. Bb5 a6 4. Ba4 Nf6 5. Nc3 b5 6. Bb3 Bc5 7. Nxe5 Nxe5 8. d4 Bd6 9. dxe5 Bxe5 10. Be3 Bb7 11. Qe2 Nxe4 12. Nxe4 Bxe4 13. Bd4 Qe7 14. Bc3 Bxc3+ 15. bxc3 Bxg2 16. Qxe7+ Kxe7 17. Rg1 Be4 18. Rxg7 Bg6 19. O-O-O Kf8 20. Rxg6 hxg6 21. Rxd7 c5 22. Rxf7+ Ke8 23. Rf6 c4 24. Re6+ Kf7 25. Bxc4 bxc4 26. Re4 Rxh2 27. Rxc4 Rxf2 28. Rc7+ Kf6 29. Rc6+ Kg5 30. Rc5+ Rf5 31. Rxf5+ gxf5 32. Kd2 Kg4 33. Ke3 f4+ 34. Ke4 f3 35. Ke3 Kg3 36. Kd2 Kg2 37. Ke1 f2+ 38. Ke2 f1=Q+ 0-1

[Event "Junior Online 4NCL Division 3"]
[Site "online"]
[Date "2021.09.30"]
[EventDate "2021.09.30"]
[Round "4.44"]
[White "Navle, Aditi"]
[WhiteElo "1103"]
[WhiteTeam "Uxbridge B"]
[Black "Jhamna, Florian"]
[BlackElo "1262"]
[BlackTeam "The Hall 2"]
[Result "1-0"]
[PlyCount "53"]

1. e4 e6 2. d4 d5 3. exd5 exd5 4. Nf3 Nc6 5. Nc3 Nf6 6. Bg5 Bg4 7. h3 Bh5 8. Qd2 Be7 9. O-O-O Bxf3 10. gxf3 Qd7 11. Bb5 a6 12. Bxc6 Qxc6 13. Rhe1 O-O-O 14. Rxe7 Qd6 15. Rxf7 Qe6 16. Rxg7 h6 17. Bxf6 Qxf6 18. Rdg1 Qxf3 19. R7g3 Qf7 20. Kb1 Rhf8 21. f3 h5 22. Na4 h4 23. Rg7 Qxf3 24. Nc5 Qxh3 25. a3 Qf5 26. Qh2 h3 27. Qxc7# 1-0

[Event "Junior Online 4NCL Division 3"]
[Site "online"]
[Date "2021.09.30"]
[EventDate "2021.09.30"]
[Round "4.45"]
[White "Li, Lucian"]
[WhiteElo "1348"]
[WhiteTeam "Uxbridge B"]
[Black "Agarwal, Mihir"]
[BlackElo "1344"]
[BlackTeam "The Hall 2"]
[Result "1-0"]
[PlyCount "65"]

1. e4 e5 2. Nf3 Nc6 3. Bc4 Bc5 4. c3 d6 5. d4 exd4 6. cxd4 Bb4+ 7. Bd2 Bxd2+ 8. Nbxd2 Nge7 9. d5 Na5 10. Bd3 Bg4 11. b4 Nac6 12. dxc6 Nxc6 13. a3 Ne5 14. h3 Bh5 15. Be2 O-O 16. Nxe5 Bxe2 17. Qxe2 dxe5 18. O-O Qd4 19. Nf3 Qb6 20. Rfd1 Rfe8 21. Qc4 Rac8 22. a4 Rcd8 23. Rxd8 Rxd8 24. Nxe5 Qf6 25. Qxc7 Re8 26. Rc1 h6 27. Nf3 Rxe4 28. Qxb7 Qb2 29. Rc8+ Kh7 30. Qxe4+ g6 31. Kh2 Qxf2 32. Qe8 Qb2 33. Qg8# 1-0

[Event "Junior Online 4NCL Division 3"]
[Site "online"]
[Date "2021.09.30"]
[EventDate "2021.09.30"]
[Round "4.46"]
[White "Kohli, Aryan"]
[WhiteElo "1251"]
[WhiteTeam "The Hall 2"]
[Black "Cepoi, Gesneria-Codruta"]
[BlackElo "1109"]
[BlackTeam "Uxbridge B"]
[Result "0-1"]
[PlyCount "55"]

1. d4 f5 2. Bf4 Nf6 3. e3 d5 4. c3 h6 5. Bd3 g5 6. Bg3 Bg7 7. Nf3 g4 8. Nh4 e6 9. Ng6 Rg8 10. Ne5 h5 11. Qb3 Ne4 12. Bxe4 fxe4 13. Nd2 Bxe5 14. Bxe5 Nc6 15. Qb5 a6 16. Qa4 Bd7 17. f4 Nxe5 18. Qb3 Nd3+ 19. Kd1 Nf2+ 20. Kc2 Nxh1 21. Rxh1 Bc6 22. Kb1 Qd7 23. Rg1 O-O-O 24. Nf1 Bb5 25. Ng3 Bd3+ 26. Kc1 Qh7 27. h3 h4 28. Nh1 0-1

[Event "Junior Online 4NCL Division 3"]
[Site "online"]
[Date "2021.09.30"]
[EventDate "2021.09.30"]
[Round "4.47"]
[White "Navle, Yash Kumar"]
[WhiteElo "1103"]
[WhiteTeam "Uxbridge B"]
[Black "O'Sullivan, Conor"]
[BlackElo "1290"]
[BlackTeam "The Hall 2"]
[Result "1-0"]
[PlyCount "39"]

1. e4 e5 2. Nf3 Nf6 3. Nxe5 d6 4. Nf3 Nxe4 5. Qe2 d5 6. d3 Bf5 7. dxe4 dxe4 8. Nc3 Bb4 9. Bd2 Bxc3 10. Bxc3 O-O 11. Nh4 Bg6 12. Nxg6 hxg6 13. Rd1 Qc8 14. g3 Re8 15. Bg2 Nc6 16. O-O e3 17. fxe3 g5 18. Qc4 Rxe3 19. Qxf7+ Kh7 20. Qxg7# 1-0

[Event "Junior Online 4NCL Division 3"]
[Site "online"]
[Date "2021.09.30"]
[EventDate "2021.09.30"]
[Round "4.48"]
[White "Jhamna, Florian"]
[WhiteElo "1262"]
[WhiteTeam "The Hall 2"]
[Black "Navle, Aditi"]
[BlackElo "1103"]
[BlackTeam "Uxbridge B"]
[Result "1-0"]
[PlyCount "47"]

1. e4 e5 2. Bc4 Nf6 3. Nc3 Bc5 4. Nf3 d6 5. d3 O-O 6. Bg5 h6 7. Bh4 g5 8. Nxg5 hxg5 9. Bxg5 Re8 10. Nd5 Kg7 11. Bxf6+ Qxf6 12. Nxf6 Kxf6 13. Qf3+ Ke7 14. Qxf7+ Kd8 15. a4 Re7 16. Qg8+ Re8 17. Qg5+ Re7 18. c3 Ke8 19. O-O Nc6 20. b4 Bxb4 21. cxb4 Nxb4 22. Rab1 Nc6 23. Bb5 Bd7 24. Qg8# 1-0

[Event "Junior Online 4NCL Division 3"]
[Site "online"]
[Date "2021.09.30"]
[EventDate "2021.09.30"]
[Round "4.51"]
[White "Sidana, Rishabh"]
[WhiteElo "1399"]
[WhiteTeam "Chess Challengers A"]
[Black "Bradshaw, Sam"]
[BlackElo "1257"]
[BlackTeam "JHJ Shark Tank 7"]
[Result "1-0"]
[PlyCount "105"]

1. e4 e5 2. Nf3 Nc6 3. Bc4 Bc5 4. Nc3 Nf6 5. d3 h6 6. Be3 d6 7. Nd5 Nxd5 8. Bxd5 Ne7 9. Bxc5 dxc5 10. Bb3 Ng6 11. h3 O-O 12. Qd2 Nf4 13. O-O-O b5 14. Nxe5 Ne6 15. Bd5 Nd4 16. Bxa8 Be6 17. c3 Bb3 18. cxd4 Bxa2 19. Bd5 Bxd5 20. exd5 Qxd5 21. Nf3 cxd4 22. Qb4 Qc6+ 23. Kb1 Qb6 24. Qxd4 c5 25. Qc3 a5 26. d4 cxd4 27. Qxd4 Qg6+ 28. Qd3 Qxg2 29. Rdg1 Qxf2 30. Qc3 g6 31. Qd3 Re8 32. Rxg6+ fxg6 33. Qxg6+ Kf8 34. Qf6+ Kg8 35. Rg1+ Qxg1+ 36. Nxg1 Re1+ 37. Ka2 Rxg1 38. Qxh6 b4 39. Qa6 b3+ 40. Kxb3 Rg3+ 41. Ka2 Rxh3 42. Qe6+ Kf8 43. Qxh3 Ke7 44. Qa3+ Kd7 45. Qxa5 Kc8 46. b4 Kb7 47. b5 Kc8 48. Qa7 Kd8 49. b6 Kc8 50. Kb3 Kd8 51. Qc7+ Ke8 52. b7 Kf8 53. b8=R# 1-0

[Event "Junior Online 4NCL Division 3"]
[Site "online"]
[Date "2021.09.30"]
[EventDate "2021.09.30"]
[Round "4.52"]
[White "Patel, Taran"]
[WhiteElo "1255"]
[WhiteTeam "JHJ Shark Tank 7"]
[Black "Subramanian, Ashwanth"]
[BlackElo "1350"]
[BlackTeam "Chess Challengers A"]
[Result "0-1"]
[PlyCount "150"]

1. d4 d5 2. c4 Nf6 3. Nc3 e6 4. Bf4 Bd6 5. Bxd6 Qxd6 6. e3 a6 7. c5 Qd7 8. Nf3 O-O 9. Ne5 Qe7 10. Bd3 Nfd7 11. Qh5 g6 12. Qh3 Nxe5 13. dxe5 f6 14. f4 fxe5 15. fxe5 Qxc5 16. O-O-O Nc6 17. Rhf1 Bd7 18. Qg3 Qe7 19. h4 Qg7 20. e4 Qxe5 21. Rxf8+ Rxf8 22. Qxe5 Nxe5 23. exd5 exd5 24. Nxd5 c6 25. Ne7+ Kf7 26. Bxg6+ hxg6 27. Nxg6 Kxg6 28. Rd6+ Rf6 29. Rd1 Bg4 30. Re1 Nd3+ 31. Kd2 Nxe1 32. Kxe1 Rd6 33. Kf2 Kh5 34. Kg3 Rd4 35. a3 a5 36. Kh2 Kxh4 37. g3+ Kg5 38. Kg2 Rd2+ 39. Kf1 Rxb2 40. a4 Rb3 41. Kf2 Rf3+ 42. Kg2 Kf5 43. Kg1 Ke5 44. Kh2 Kd4 45. Kh1 Kc4 46. Kh2 Bh5 47. Kh1 Kb4 48. g4 Bf7 49. g5 Kxa4 50. g6 Bg8 51. g7 Kb3 52. Kh2 Rf7 53. Kg2 Rxg7+ 54. Kh2 a4 55. Kh1 a3 56. Kh2 a2 57. Kh3 Be6+ 58. Kh2 Rg1 59. Kxg1 a1=Q+ 60. Kh2 Qb2+ 61. Kh1 Qc1+ 62. Kh2 Qd2+ 63. Kg3 Qe3+ 64. Kh4 Qf4+ 65. Kh5 Qg4+ 66. Kh6 c5 67. Kh7 c4 68. Kh8 c3 69. Kh7 c2 70. Kh8 Kb2 71. Kh7 b5 72. Kh8 b4 73. Kh7 Qh5+ 74. Kg7 Qf7+ 75. Kh6 c1=Q# 0-1

[Event "Junior Online 4NCL Division 3"]
[Site "online"]
[Date "2021.09.30"]
[EventDate "2021.09.30"]
[Round "4.53"]
[White "Ray, Ayush"]
[WhiteElo "1320"]
[WhiteTeam "Chess Challengers A"]
[Black "Kraft, Thomas"]
[BlackElo "1237"]
[BlackTeam "JHJ Shark Tank 7"]
[Result "1-0"]
[PlyCount "27"]

1. e4 e5 2. Nf3 Nc6 3. Bc4 Nf6 4. d3 Bc5 5. Bg5 O-O 6. Nc3 h6 7. Bh4 Nd4 8. Nd5 Nxf3+ 9. Qxf3 c6 10. Nxf6+ gxf6 11. Bxf6 Qa5+ 12. c3 Re8 13. Qg4+ Kh7 14. Qg7# 1-0

[Event "Junior Online 4NCL Division 3"]
[Site "online"]
[Date "2021.09.30"]
[EventDate "2021.09.30"]
[Round "4.54"]
[White "Bryant, Amelie"]
[WhiteElo "1209"]
[WhiteTeam "JHJ Shark Tank 7"]
[Black "Gupta, Shourya"]
[BlackElo "1400"]
[BlackTeam "Chess Challengers A"]
[Result "0-1"]
[PlyCount "66"]

1. d4 d5 2. e3 Bf5 3. f4 Nf6 4. Bd3 Bg6 5. Nf3 e6 6. O-O c5 7. c3 Nc6 8. Nbd2 Be7 9. Qe1 Bxd3 10. Rf2 Ng4 11. Ne5 Nxf2 12. Nxc6 Nh3+ 13. gxh3 bxc6 14. Qg3 Bg6 15. Nf3 O-O 16. Ne5 cxd4 17. cxd4 c5 18. Nc6 Qc7 19. Ne5 cxd4 20. exd4 Qb6 21. Nd7 Qxd4+ 22. Be3 Qxb2 23. Rf1 Rfd8 24. Ne5 Qxa2 25. Nc6 Rd7 26. Ne5 Rc7 27. Bd4 Bf6 28. f5 exf5 29. Nf3 Bxd4+ 30. Nxd4 Rc4 31. Nb5 f4 32. Qf3 Be4 33. Qxf4 Qg2# 0-1

[Event "Junior Online 4NCL Division 3"]
[Site "online"]
[Date "2021.09.30"]
[EventDate "2021.09.30"]
[Round "4.55"]
[White "Bradshaw, Sam"]
[WhiteElo "1257"]
[WhiteTeam "JHJ Shark Tank 7"]
[Black "Sidana, Rishabh"]
[BlackElo "1399"]
[BlackTeam "Chess Challengers A"]
[Result "0-1"]
[PlyCount "48"]

1. e4 c5 2. Nf3 Nc6 3. Nc3 e6 4. d3 d5 5. e5 Nge7 6. d4 Nf5 7. dxc5 Bxc5 8. Bb5 Bd7 9. Be3 Bxe3 10. fxe3 Nxe3 11. Qd3 Nb4 12. Bxd7+ Qxd7 13. Rc1 Nxd3+ 14. cxd3 Nxg2+ 15. Kf1 Ne3+ 16. Ke2 Nf5 17. d4 Rc8 18. Rhg1 O-O 19. Ng5 h6 20. Nf3 b5 21. Rcf1 b4 22. Nd1 Qb5+ 23. Kf2 Rc2+ 24. Ke1 Re2# 0-1

[Event "Junior Online 4NCL Division 3"]
[Site "online"]
[Date "2021.09.30"]
[EventDate "2021.09.30"]
[Round "4.56"]
[White "Subramanian, Ashwanth"]
[WhiteElo "1350"]
[WhiteTeam "Chess Challengers A"]
[Black "Patel, Taran"]
[BlackElo "1255"]
[BlackTeam "JHJ Shark Tank 7"]
[Result "1-0"]
[PlyCount "129"]

1. e4 d5 2. e5 Nc6 3. d4 e6 4. f4 f5 5. Nf3 Be7 6. c4 h6 7. Nc3 g5 8. c5 g4 9. Ng1 h5 10. a3 h4 11. Bb5 Bd7 12. Bxc6 Bxc6 13. Be3 h3 14. g3 b6 15. b4 a5 16. b5 Bb7 17. c6 Bc8 18. a4 Bb4 19. Ne2 Qe7 20. Bd2 Bxc3 21. Bxc3 Nh6 22. Qb3 O-O 23. Bb2 Qg7 24. Ba3 Rf7 25. O-O Qh7 26. Rfe1 Qg7 27. Nc3 Qh7 28. Nxd5 exd5 29. e6 Bxe6 30. Rxe6 Rd8 31. Rae1 Qg7 32. Re8+ Rxe8 33. Rxe8+ Kh7 34. Qxd5 Ng8 35. Qe5 Nf6 36. Re7 Rxe7 37. Bxe7 Nd5 38. Qxf5+ Qg6 39. Qxd5 Qb1+ 40. Kf2 Qc2+ 41. Ke3 Qc3+ 42. Ke4 Qe1+ 43. Kf5 Qb1+ 44. Qe4 Qa2 45. Kf6+ Kh8 46. Qg6 Qf7+ 47. Kg5 Qxg6+ 48. Kxg6 Kg8 49. Kf6 Kh7 50. Ke6 Kg6 51. Kd7 Kf5 52. Kxc7 Ke4 53. Kxb6 Kf3 54. c7 Kg2 55. c8=Q Kxh2 56. Qc3 Kg2 57. Kxa5 Kh2 58. Qd2+ Kxg3 59. Qe1+ Kh2 60. b6 g3 61. b7 g2 62. b8=Q g1=Q 63. f5+ Kh1 64. Qb7+ Kh2 65. Bd6+ 1-0

[Event "Junior Online 4NCL Division 3"]
[Site "online"]
[Date "2021.09.30"]
[EventDate "2021.09.30"]
[Round "4.57"]
[White "Kraft, Thomas"]
[WhiteElo "1237"]
[WhiteTeam "JHJ Shark Tank 7"]
[Black "Ray, Ayush"]
[BlackElo "1320"]
[BlackTeam "Chess Challengers A"]
[Result "1/2-1/2"]
[PlyCount "60"]

1. d4 d5 2. c4 e6 3. cxd5 exd5 4. Nc3 Nf6 5. Bf4 Bf5 6. Nf3 Bb4 7. Qa4+ Nc6 8. Ne5 O-O 9. Nxc6 bxc6 10. Qxb4 Rb8 11. Qc5 Re8 12. Qxc6 Rxb2 13. Qxc7 Qa8 14. e3 Rc8 15. Qe5 Bg6 16. Ba6 Rxc3 17. O-O Rb6 18. Be2 Re6 19. Qb8+ Qxb8 20. Bxb8 Rc2 21. Bf3 Ne4 22. Bxe4 Bxe4 23. Bxa7 Rg6 24. g3 h5 25. h4 Rxg3+ 26. fxg3 Rg2+ 27. Kh1 Rf2+ 28. Kg1 Rg2+ 29. Kh1 Rf2+ 30. Kg1 Rg2+ 1/2-1/2

[Event "Junior Online 4NCL Division 3"]
[Site "online"]
[Date "2021.09.30"]
[EventDate "2021.09.30"]
[Round "4.58"]
[White "Gupta, Shourya"]
[WhiteElo "1400"]
[WhiteTeam "Chess Challengers A"]
[Black "Bryant, Amelie"]
[BlackElo "1209"]
[BlackTeam "JHJ Shark Tank 7"]
[Result "1-0"]
[PlyCount "91"]

1. d4 d5 2. Bf4 Bf5 3. e3 Nc6 4. c4 Nb4 5. Na3 Nf6 6. Qa4+ Nc6 7. Nb5 Rc8 8. Nxa7 Ra8 9. Nxc6 Rxa4 10. Nxd8 Kxd8 11. b3 Ra3 12. Nf3 e6 13. Ng5 Bb4+ 14. Kd1 Rf8 15. e4 Nxe4 16. Nxe4 Bxe4 17. f3 Bc3 18. Rc1 Bb2 19. fxe4 Bxc1 20. Kxc1 dxe4 21. Kb2 Ra6 22. c5 Ra5 23. b4 Ra4 24. Kb3 Ra7 25. Bc4 Re8 26. Re1 f5 27. Bg5+ Kd7 28. Bb5+ c6 29. Bc4 b5 30. cxb6 Rb7 31. a4 Rxb6 32. a5 Rb7 33. a6 Ra7 34. b5 Rb8 35. Ka4 Rb6 36. Ka5 Kc7 37. Bf4+ e5 38. Bxe5+ Kd7 39. Kxb6 cxb5 40. Bxb5+ Kc8 41. Kxa7 g6 42. Kb6 Kd8 43. a7 Ke7 44. a8=Q g5 45. Qb7+ Ke6 46. Qd7# 1-0

[Event "Junior Online 4NCL Division 3"]
[Site "online"]
[Date "2021.09.30"]
[EventDate "2021.09.30"]
[Round "4.61"]
[White "Sanger, Jake M"]
[WhiteElo "2343"]
[WhiteTeam "Lenzie Basilisks"]
[Black "Stevens, Tobias"]
[BlackElo "1468"]
[BlackTeam "Wanstead Warriors 1"]
[Result "1-0"]
[PlyCount "65"]

1. d4 d5 2. c4 c6 3. Nf3 e6 4. e3 Nf6 5. Nc3 Bb4 6. Bd2 Bxc3 7. Bxc3 O-O 8. Bd3 Nbd7 9. O-O Nb6 10. b3 Qe7 11. Qc2 Rd8 12. a4 Bd7 13. a5 Nc8 14. Ne5 Be8 15. a6 bxa6 16. Rxa6 Qc7 17. Ba5 Nb6 18. c5 Qb7 19. cxb6 Rdb8 20. Rxa7 Rxa7 21. bxa7 Qxa7 22. b4 Rc8 23. Qc5 Qxc5 24. bxc5 Ne4 25. Rb1 h5 26. f3 Ng5 27. Ba6 Ra8 28. Rb6 f6 29. Nxc6 Bxc6 30. Rxc6 Nf7 31. Rc8+ Rxc8 32. Bxc8 Nd8 33. Bxd8 1-0

[Event "Junior Online 4NCL Division 3"]
[Site "online"]
[Date "2021.09.30"]
[EventDate "2021.09.30"]
[Round "4.62"]
[White "Gurusamy, Paramaguru"]
[WhiteElo "1312"]
[WhiteTeam "Wanstead Warriors 1"]
[Black "Kumar, Ishan"]
[BlackElo "1470"]
[BlackTeam "Lenzie Basilisks"]
[Result "0-1"]
[PlyCount "49"]

1. d4 Nf6 2. c4 g6 3. Nc3 Bg7 4. e4 d6 5. Nf3 O-O 6. Bd3 Nc6 7. e5 dxe5 8. dxe5 Nd7 9. e6 fxe6 10. O-O Nde5 11. Qc2 Qxd3 12. Qxd3 Nxd3 13. Bg5 Nxb2 14. Rac1 Nd3 15. Rcd1 Bxc3 16. Rxd3 Bf6 17. Bf4 e5 18. Bh6 Re8 19. Re3 Be6 20. Nd2 Kf7 21. f4 exf4 22. Ref3 Bg7 23. Rxf4+ Kg8 24. Bg5 h6 25. Bh4 0-1

[Event "Junior Online 4NCL Division 3"]
[Site "online"]
[Date "2021.09.30"]
[EventDate "2021.09.30"]
[Round "4.63"]
[White "Moroz, Michael"]
[WhiteElo "1388"]
[WhiteTeam "Lenzie Basilisks"]
[Black "Bedi, Adarsh"]
[BlackElo "1365"]
[BlackTeam "Wanstead Warriors 1"]
[Result "1-0"]
[PlyCount "129"]

1. e4 e5 2. Nf3 Nc6 3. d4 exd4 4. Nxd4 Nxd4 5. Qxd4 Nf6 6. Bg5 Be7 7. Be2 h6 8. Bh4 d6 9. O-O c5 10. Qc3 Nxe4 11. Bxe7 Nxc3 12. Bxd8 Nxe2+ 13. Kh1 Kxd8 14. Re1 Nd4 15. Rc1 Be6 16. Nc3 Kd7 17. Ne4 Bf5 18. Ng3 Nxc2 19. Nxf5 Nxa1 20. Rxa1 g6 21. Ne3 Rae8 22. Rd1 Re5 23. g3 Rhe8 24. Kg2 Kc6 25. Ng4 Rd5 26. Rxd5 Kxd5 27. Nf6+ Kc6 28. Nxe8 d5 29. Kf3 d4 30. Ke4 Kb5 31. Nd6+ Kc6 32. Nxf7 Kb5 33. Nd6+ Kb4 34. Nxb7 a5 35. a3+ Kb3 36. Nxc5+ Kxb2 37. Kxd4 Kxa3 38. f4 a4 39. Nxa4 Kxa4 40. Ke5 Kb5 41. Kf6 Kc4 42. Kxg6 Kd4 43. Kxh6 Ke4 44. g4 Kxf4 45. g5 Kf5 46. g6 Kf6 47. g7 Kf7 48. Kh7 Kf6 49. g8=Q Kf5 50. Qg6+ Kf4 51. h4 Ke5 52. Kg8 Kd4 53. h5 Kc3 54. h6 Kd2 55. h7 Kc1 56. h8=Q Kd2 57. Qh2+ Kc3 58. Qc6+ Kd3 59. Qhd6+ Ke3 60. Qc3+ Ke4 61. Qe1+ Kf5 62. Qf8+ Kg5 63. Qg1+ Kh5 64. Qf5+ Kh4 65. Qgg4# 1-0

[Event "Junior Online 4NCL Division 3"]
[Site "online"]
[Date "2021.09.30"]
[EventDate "2021.09.30"]
[Round "4.64"]
[White "Ta, Duc"]
[WhiteElo "1275"]
[WhiteTeam "Wanstead Warriors 1"]
[Black "Lukhi, Neev"]
[BlackElo "1003"]
[BlackTeam "Lenzie Basilisks"]
[Result "0-1"]
[PlyCount "102"]

1. d4 Nf6 2. c4 g6 3. Nc3 Bg7 4. e4 d6 5. f3 O-O 6. Be3 e5 7. d5 a5 8. Qd2 Na6 9. a3 Nc5 10. Qc2 Bd7 11. O-O-O Ra6 12. g4 Qe7 13. h4 c6 14. h5 gxh5 15. gxh5 cxd5 16. cxd5 Raa8 17. h6 Bh8 18. Qg2+ Ng4 19. fxg4 b5 20. Bxc5 Qg5+ 21. Kb1 dxc5 22. Rh5 Qg6 23. Nf3 Bf6 24. Qg3 Bxg4 25. Rh2 b4 26. axb4 axb4 27. Nb5 Qxe4+ 28. Bd3 Qxf3 29. Qxf3 Bxf3 30. Rg1+ Kh8 31. Rf2 e4 32. Bxe4 Bxe4+ 33. Kc1 Ra1+ 34. Kd2 Rxg1 35. Ke3 Re1+ 36. Kd2 Rh1 37. Rxf6 Rh2+ 38. Ke3 Bxd5 39. Rd6 Be6 40. Rc6 Re8 41. Rxc5 Bd7+ 42. Kd4 Bxb5 43. Rxb5 Rxb2 44. Kc4 f6 45. Kc5 Re5+ 46. Kc4 Rxb5 47. Kxb5 b3 48. Kc5 Rc2+ 49. Kb4 b2 50. Ka3 b1=Q 51. Ka4 Ra2# 0-1

[Event "Junior Online 4NCL Division 3"]
[Site "online"]
[Date "2021.09.30"]
[EventDate "2021.09.30"]
[Round "4.65"]
[White "Stevens, Tobias"]
[WhiteElo "1468"]
[WhiteTeam "Wanstead Warriors 1"]
[Black "Sanger, Jake M"]
[BlackElo "2343"]
[BlackTeam "Lenzie Basilisks"]
[Result "0-1"]
[PlyCount "54"]

1. e4 c5 2. Nf3 Nc6 3. Bb5 g6 4. Nc3 Bg7 5. d3 d6 6. Be3 Bd7 7. Bxc6 Bxc6 8. O-O Nf6 9. Qd2 Ng4 10. h3 Nxe3 11. Qxe3 O-O 12. Rfe1 b5 13. a3 a5 14. Rad1 b4 15. axb4 axb4 16. Nd5 e6 17. Nf4 Bxb2 18. Rb1 Bc3 19. Red1 Ra2 20. Qe2 Ba4 21. Rbc1 b3 22. Nd2 b2 23. Rb1 Bxc2 24. Rf1 Qg5 25. g3 e5 26. Nd5 Qxd2 27. Qxd2 Bxd2 0-1

[Event "Junior Online 4NCL Division 3"]
[Site "online"]
[Date "2021.09.30"]
[EventDate "2021.09.30"]
[Round "4.66"]
[White "Kumar, Ishan"]
[WhiteElo "1470"]
[WhiteTeam "Lenzie Basilisks"]
[Black "Gurusamy, Paramaguru"]
[BlackElo "1312"]
[BlackTeam "Wanstead Warriors 1"]
[Result "1-0"]
[PlyCount "91"]

1. e4 c6 2. d4 d5 3. Nc3 dxe4 4. Nxe4 Bf5 5. Ng3 Bg6 6. h4 h6 7. Nf3 Nd7 8. h5 Bh7 9. Bd3 Bxd3 10. Qxd3 e6 11. Bd2 Ngf6 12. O-O-O Be7 13. Ne4 Nxe4 14. Qxe4 Nf6 15. Qe2 O-O 16. Bf4 b5 17. Ne5 Nd5 18. Bd2 Qc7 19. c4 bxc4 20. Qxc4 c5 21. dxc5 Qxe5 22. f4 Qc7 23. b4 a5 24. a3 axb4 25. axb4 Qa7 26. Qb3 Qa1+ 27. Kc2 Qa2+ 28. Qxa2 Rxa2+ 29. Kb3 Rfa8 30. Kc4 Rc2+ 31. Kd3 Raa2 32. Rhe1 f5 33. Rxe6 Rcb2 34. Kc4 Nxb4 35. Bxb4 Bf6 36. Rb6 Rxg2 37. c6 Rac2+ 38. Kd5 Bd8 39. Rb8 Kf7 40. Rxd8 Rb2 41. Rb8 Rgc2 42. Kd6 Rc4 43. c7 Rbc2 44. Re1 Rb2 45. Re7+ Kf6 46. Rf8# 1-0

[Event "Junior Online 4NCL Division 3"]
[Site "online"]
[Date "2021.09.30"]
[EventDate "2021.09.30"]
[Round "4.67"]
[White "Bedi, Adarsh"]
[WhiteElo "1365"]
[WhiteTeam "Wanstead Warriors 1"]
[Black "Moroz, Michael"]
[BlackElo "1388"]
[BlackTeam "Lenzie Basilisks"]
[Result "1/2-1/2"]
[PlyCount "104"]

1. e4 e5 2. Nf3 Nc6 3. Bc4 Bc5 4. Nc3 Nf6 5. Ng5 O-O 6. O-O d6 7. Nd5 Nxd5 8. Bxd5 Qxg5 9. d4 Qg6 10. dxc5 dxc5 11. Bxc6 bxc6 12. Qf3 Bg4 13. Qe3 Rad8 14. f3 Bh3 15. g4 Rd4 16. Re1 h5 17. Qg5 hxg4 18. fxg4 Qxg5 19. Bxg5 Bxg4 20. Be3 Rxe4 21. Bxc5 Rxe1+ 22. Rxe1 Rd8 23. Rxe5 Rd2 24. Re8+ Kh7 25. Re4 Rxc2 26. Rxg4 Rxc5 27. b4 Rc1+ 28. Kg2 Rc2+ 29. Kg3 Rxa2 30. Rc4 Ra3+ 31. Kg2 Ra6 32. b5 cxb5 33. Rxc7 b4 34. Rb7 Rb6 35. Rxa7 b3 36. Ra1 b2 37. Rb1 f5 38. Kf3 Kg6 39. Ke2 Kf6 40. Kd2 f4 41. Ke2 g5 42. Kf3 Kf5 43. h3 Rb3+ 44. Kg2 g4 45. hxg4+ Kxg4 46. Kf2 f3 47. Rg1+ Kf4 48. Rb1 Rb4 49. Kf1 Ke3 50. Ke1 f2+ 51. Kf1 Kf3 52. Rxb2 Rxb2 1/2-1/2

[Event "Junior Online 4NCL Division 3"]
[Site "online"]
[Date "2021.09.30"]
[EventDate "2021.09.30"]
[Round "4.68"]
[White "Lukhi, Neev"]
[WhiteElo "1003"]
[WhiteTeam "Lenzie Basilisks"]
[Black "Ta, Duc"]
[BlackElo "1275"]
[BlackTeam "Wanstead Warriors 1"]
[Result "1-0"]
[PlyCount "77"]

1. e4 e6 2. d4 d5 3. exd5 exd5 4. Nc3 Nf6 5. Nf3 Nc6 6. Bg5 Be6 7. Be2 h6 8. Bh4 Be7 9. O-O O-O 10. Bb5 Bd6 11. Bxc6 bxc6 12. Ne5 c5 13. Nc6 Qd7 14. Bxf6 Qxc6 15. dxc5 Qxc5 16. Bd4 Qc6 17. f4 Bf5 18. Qf3 Rfe8 19. Qg3 f6 20. Bxf6 Bf8 21. Be5 Bxc2 22. Rac1 Bf5 23. Qf3 Rad8 24. Rfd1 Be6 25. f5 Bf7 26. Qg3 Rc8 27. Nxd5 Bc5+ 28. Kh1 g5 29. Nf6+ Kf8 30. Nd7+ Kg8 31. Rxc5 Qb7 32. Nf6+ Kf8 33. Nxe8 Kxe8 34. Bg7 Bh5 35. Qe5+ Kf7 36. Qe6+ Kxg7 37. Rd7+ Kf8 38. Qe7+ Kg8 39. Qg7# 1-0

[Event "Junior Online 4NCL Division 3"]
[Site "online"]
[Date "2021.09.30"]
[EventDate "2021.09.30"]
[Round "4.71"]
[White "Mouratidis, Markos"]
[WhiteElo "1253"]
[WhiteTeam "Brentwood School B"]
[Black "Vasudeva, Arya"]
[BlackElo "1046"]
[BlackTeam "Barnet Knights C"]
[Result "1-0"]
[PlyCount "69"]

1. e4 e5 2. Nf3 Nc6 3. Bc4 d6 4. Nc3 h6 5. d3 Nf6 6. h3 Be7 7. Be3 Bd7 8. O-O a6 9. Qd2 Ra7 10. Bxa7 Nxa7 11. Qe3 b5 12. Bb3 Be6 13. Qxa7 Bxb3 14. axb3 O-O 15. Qxa6 Qd7 16. Nd5 Nxd5 17. exd5 f6 18. Nh4 Re8 19. g4 Qd8 20. Nf5 Qd7 21. Rfe1 Bf8 22. f4 exf4 23. Rxe8 Qxe8 24. Qc6 Qxc6 25. dxc6 Be7 26. Nxe7+ Kf7 27. Nd5 Ke6 28. Nxc7+ Ke7 29. Nxb5 d5 30. c7 Kd7 31. Ra8 Kc6 32. c8=Q+ Kxb5 33. Rb8+ Ka5 34. Qc5+ Ka6 35. Qb6# 1-0

[Event "Junior Online 4NCL Division 3"]
[Site "online"]
[Date "2021.09.30"]
[EventDate "2021.09.30"]
[Round "4.72"]
[White "Scheffel, Oliver"]
[WhiteElo "1126"]
[WhiteTeam "Barnet Knights C"]
[Black "Kovalev, Rostislav"]
[BlackElo "1032"]
[BlackTeam "Brentwood School B"]
[Result "0-1"]
[PlyCount "118"]

1. e4 c5 2. Bc4 Nc6 3. Nf3 Nf6 4. Nc3 e6 5. O-O Be7 6. e5 Ng4 7. Re1 f6 8. exf6 Nxf6 9. Be2 O-O 10. d4 d5 11. dxc5 Bxc5 12. Be3 Bd6 13. Nd4 Nxd4 14. Bxd4 Bc7 15. Nb5 a6 16. Nxc7 Qxc7 17. Bxf6 Rxf6 18. Bd3 Rh6 19. c4 Qxh2+ 20. Kf1 e5 21. cxd5 Qh1+ 22. Ke2 Bg4+ 23. Kd2 Bxd1 24. Rxh1 Rxh1 25. Rxd1 Rxd1+ 26. Kxd1 Rd8 27. Bc4 Kf8 28. Kc2 b5 29. Bb3 a5 30. a3 a4 31. Ba2 Ke7 32. Kc3 Kd6 33. Kb4 Rb8 34. g3 Rf8 35. Kxb5 Rxf2 36. Kxa4 Rxb2 37. Bc4 e4 38. Bb3 e3 39. Bd1 Rd2 40. Bg4 e2 41. Bxe2 Rxe2 42. Kb5 Kxd5 43. a4 Ra2 44. a5 Ke4 45. Kb6 Kf3 46. a6 Kxg3 47. a7 h5 48. Kb7 h4 49. a8=Q Rxa8 50. Kxa8 h3 51. Kb8 h2 52. Kb7 h1=Q+ 53. Kb6 Qc1 54. Kb5 Kf4 55. Kb4 Ke4 56. Kb3 Kd4 57. Kb4 Qb2+ 58. Ka4 Kc4 59. Ka5 Qb5# 0-1

[Event "Junior Online 4NCL Division 3"]
[Site "online"]
[Date "2021.09.30"]
[EventDate "2021.09.30"]
[Round "4.73"]
[White "Van Enckevort, Noah"]
[WhiteElo "995"]
[WhiteTeam "Brentwood School B"]
[Black "Malus, Sean"]
[BlackElo "1084"]
[BlackTeam "Barnet Knights C"]
[Result "1-0"]
[PlyCount "105"]

1. d4 d5 2. Nf3 Nc6 3. Nc3 Nf6 4. Ne5 Nxe5 5. dxe5 Ne4 6. Nxe4 dxe4 7. Qxd8+ Kxd8 8. f3 exf3 9. exf3 e6 10. Bg5+ Be7 11. O-O-O+ Ke8 12. f4 Bxg5 13. fxg5 g6 14. Bc4 Kf8 15. Rd3 b6 16. Rhd1 Bb7 17. Rd8+ Kg7 18. Rxh8 Rxh8 19. g4 Bf3 20. Rg1 Rd8 21. Bb3 c5 22. c4 a6 23. Bd1 Bxd1 24. Rxd1 Rb8 25. a4 b5 26. axb5 axb5 27. cxb5 Rxb5 28. h4 Rb4 29. Kc2 Rc4+ 30. Kb3 Rxg4 31. Rh1 c4+ 32. Kc3 h6 33. gxh6+ Kxh6 34. b4 Rg3+ 35. Kxc4 Ra3 36. b5 Ra8 37. Kc5 Rc8+ 38. Kb6 Rb8+ 39. Kc5 Rc8+ 40. Kd6 Rd8+ 41. Ke7 Rb8 42. Rb1 Kh5 43. Kxf7 Rd8 44. b6 Rd5 45. Kxe6 g5 46. Kxd5 gxh4 47. b7 Kg4 48. b8=Q h3 49. e6 Kf3 50. e7 Kg2 51. Qb3 h2 52. Rb2+ Kg1 53. Qd1# 1-0